=LDR 00000nam 2200000 4500 =001 INLIS000000000000560 =005 20150324092640.0 =006 =007 =008 Ind =035 ##$$0010-061300000000560 =041 ##$$a Ind =082 ##$$a 301.31 =090 ##$$a 301.31 Sum e =100 ##$$a Sumarwoto, Otto =245 ##$$a Ekologi, lingkungan hidup dan pembangunan / Otto Sumarwoto =260 ##$$a Jakarta $b Djambatan $c 1989 =300 ##$$a xii, 362 hlm. : ilus. ; 21 cm =650 ##$$a Ekologi =850 ##$$a NBPNMAT